| 000 | 00538nam a2200181Ia 4500 | ||
|---|---|---|---|
| 003 | LDD | ||
| 008 | 190117s9999 xx 000 0 und d | ||
| 020 |
_a9789382114161 _c₹400 |
||
| 040 | _cLDD | ||
| 041 | _ahi | ||
| 082 | _a8H3.7 ना1664डे | ||
| 100 | _aनागर, हीरालाल | ||
| 245 | 0 |
_aडेक पर अंधेरा _cहीरालाल नागर |
|
| 260 |
_aनई दिल्ली _bकिताबघर प्रकाशन _c2013 |
||
| 300 | _a232 | ||
| 901 | _aKGP | ||
| 942 |
_2ddc _cH |
||
| 999 |
_c162238 _d162238 |
||